[Event "Lutsk Nebesna Sotnya Memorial"]
[Site "Lutsk"]
[Date "2014.07.26"]
[Round "2"]
[White "Golubka, Petr"]
[Black "Solovyov, Oleksandr"]
[Result "1-0"]
[WhiteElo "2397"]
[BlackElo "2176"]
[PlyCount "68"]
[EventDate "2014.07.26"]
[EventType "swiss"]
[EventRounds "11"]
[EventCountry "UKR"]
[SourceTitle "CBM 161 Extra"]
[Source "ChessBase"]
[SourceDate "2014.08.29"]
[SourceVersion "1"]
[SourceVersionDate "2014.08.29"]
[SourceQuality "1"]

1. e4 c5 2. Nf3 Nc6 3. d4 cxd4 4. Nxd4 Nf6 5. Nc3 e5 6. Ndb5 d6 7. Bg5 a6 8. Bxf6 gxf6 9. Na3 b5 10. Nd5 f5 11. c3 Bg7 12. Nxb5 axb5 13. Bxb5 Bd7 14. exf5 0-0 15. 0-0 Kh8 16. Re1 Rg8 17. g3 Rb8 18. a4 Qg5 19. Ne3 Bf8 20. Qd5 Ne7 21. Qxd6 Bxb5 22. Qxb8 Bc6 23. Rad1 Bg7 24. Rd8 Bf6 25. Rxg8+ Nxg8 26. Qd6 Bb7 27. Qb4 Bc6 28. a5 Qh5 29. Qg4 Qh6 30. a6 Qf8 31. b4 Qa8 32. Qc4 Bf3 33. b5 Bg5 34. b6 Bxe3 1-0